Storia della Pedagogia Italliana (Record no. 117491)

MARC details
000 -LEADER
campo de control de longitud fija 00556nam a2200145 4500
001 - NÚMERO DE CONTROL
campo de control 117491
003 - IDENTIFICADOR DE NÚMERO DE CONTROL
campo de control ES-MaACL
007 - CAMPO FIJO DE DESCRIPCIÓN FÍSICA--INFORMACIÓN GENERAL
campo de control de longitud fija t|
008 - DATOS DE LONGITUD FIJA--INFORMACIÓN GENERAL
campo de control de longitud fija 070214s1913 it r ||||1| ita d
100 1# - ENTRADA PRINCIPAL--NOMBRE DE PERSONA
Nombre de persona Pannese, Gerardo.
9 (RLIN) 88806
245 10 - MENCIÓN DEL TÍTULO
Título Storia della Pedagogia Italliana
Resto del título : in rapporto con le condizioni Politiche, Letterarie, Filosofiche, Artistiche e Religiose avanti l'epoca di Roma a tutto il secolo XIX /
Mención de responsabilidad, etc. Prof. Gerardo Pannese.
260 ## - PUBLICACIÓN, DISTRIBUCIÓN, ETC.
Lugar de publicación, distribución, etc. Roma :
Nombre del editor, distribuidor, etc. Casa Editrice Italo-Irlandese,
Fecha de publicación, distribución, etc. 1913.
300 ## - DESCRIPCIÓN FÍSICA
Extensión VII, 574 p. ;
Dimensiones 27 cm.
852 ## - LOCALIZACIÓN
Ubicación ES-MaACL
Número de control de estantería G-3329
Holdings
Estatus retirado Estado de pérdida Estado de daño No para préstamo Biblioteca de origen Biblioteca actual Ubicación en estantería Fecha de adquisición Fuente de adquisición Total de préstamos Signatura topográfica completa Código de barras Visto por última vez Precio de reemplazo Tipo de ítem Koha
        Biblioteca del Ateneo de Madrid Biblioteca del Ateneo de Madrid Depósito 2 17/01/2008     G-3329 1122492 23/02/2023 23/02/2023 Libro impreso